| 000 | 00922cam a2200145ua 4500 | ||
|---|---|---|---|
| 041 |
_aeng _h |
||
| 082 |
_a624.131 _bIND/ME |
||
| 110 | 1 |
_aIndian standards institution . _bISi _c() |
|
| 245 |
_aMethod of load test on soils IS:1888-1982 / _cIndian standards institution. _hTextual Documents |
||
| 260 |
_aNew Delhi : _bIndian standards institution , _c1983. |
||
| 300 |
_a12 : _b506 ; . |
||
| 504 | _a | ||
| 942 | _cBK | ||
| 999 |
_c10574 _d10574 |
||